Systems and theories in psychology (Record no. 6974)
[ view plain ]
| 000 -LEADER | |
|---|---|
| fixed length control field | 00465 a2200157 4500 |
| 020 ## - INTERNATIONAL STANDARD BOOK NUMBER | |
| International Standard Book Number | 0070406693 |
| 040 ## - CATALOGING SOURCE | |
| Original cataloging agency | DLC |
| Language of cataloging | DLC |
| 082 ## - DEWEY DECIMAL CLASSIFICATION NUMBER | |
| Classification number | 150.1 |
| 100 10 - MAIN ENTRY--PERSONAL NAME | |
| Personal name | Marx, Melvin Herman. |
| 245 10 - TITLE STATEMENT | |
| Title | Systems and theories in psychology |
| Statement of responsibility, etc. | Melvin H. Marx and William A. Hillix |
| 260 0# - PUBLICATION, DISTRIBUTION, ETC. | |
| Place of publication, distribution, etc. | Islamabad |
| Name of publisher, distributor, etc. | National Book Foundation |
| 300 ## - PHYSICAL DESCRIPTION | |
| Extent | xv, 489 p |
| Other physical details | . |
| Dimensions | . 24 cm. |
| 650 #0 - SUBJECT ADDED ENTRY--TOPICAL TERM | |
| Topical term or geographic name entry element | Psychology |
| General subdivision | Philosophy. |
| 700 20 - ADDED ENTRY--PERSONAL NAME | |
| Personal name | Cronan-Hillix, W. A |
| Dates associated with a name | , 1927- |
| 942 ## - ADDED ENTRY ELEMENTS (KOHA) | |
| Koha item type | Book |
| Call number prefix | 150.1 MAR |
| Source of classification or shelving scheme | |
| Withdrawn status | Lost status | Damaged status | Not for loan | Collection code | Permanent Location | Current Location | Shelving location | Date acquired | Source of acquisition | Total Checkouts | Full call number | Barcode | Date last seen | Price effective from | Koha item type |
|---|---|---|---|---|---|---|---|---|---|---|---|---|---|---|---|
| Central Library (CL) | Central Library (CL) | General Stacks | 04/30/2008 | Donation | 150.1 MAR | SEECS009051 | 11/14/2012 | 01/05/2017 | Book | ||||||
| Central Library (CL) | Central Library (CL) | General Stacks | 04/17/2008 | Donation | 150.1 MAR | SEECS008986 | 11/14/2012 | 01/05/2017 | Book |
